Elden Ring: Shadow of The Erdtree Bosses - Statistics

General Stats
  • This quiz has been taken 379 times
  • The average score is 10 of 12
Answer Stats
Picture Answer % Correct
Rellana, Twin Moon Knight
98%
Bayle The Dread
96%
Messmer The Impaler
96%
Divine Beast Dancing Lion
95%
Promised Consort Radahn
95%
Golden Hippopotamus
88%
Midra, Lord of Frenzied Flame
87%
Commander Gaius
77%
Metyr, Mother of Fingers
76%
Putrescent Knight
76%
Romina, Saint of The Bud
76%
Scadutree Avatar
76%
No matching quizzes found
Score Distribution
Percent of People with Each Score
Percentile by Number Answered
Your Score History
You have not taken this quiz